=LDR 00000nam 2200000 4500 =001 INLIS000000000010213 =005 20130612101922 =008 ***********************************Ind** =035 ##$$0010-061300000010213 =041 ##$$a Ind =082 ##$$a F Rom D =090 ##$$a F Rom D, Sir a =100 ##$$a Siregar, Merari =245 ##$$a Azab dan sengsara (kisah kehidupan seorang anak gadis), Merari Siregar =250 ##$$a Seri BP No. 497 =260 ##$$a 2003 $b Jakarta =300 ##$$a 163 hlm, ilus, 21 cm =650 ##$$a Fiksi Dewasa-Indonesia =850 ##$$a NBPNMAT =990 ##$$a 2090100805/BPAP-NTB/2015 =990 ##$$a 2090101366/BPAP-NTB/2015